Informe sobre Desarrollo Humano 2005: la Cooperación internacional ante una encrucijada ayuda al desarrollo, comercio y seguridad en un mundo desigual
Guardado en:
| Institution som forfatter: | |
|---|---|
| Format: | Texto |
| Udgivet: |
New York:
PNUD
|
| Fag: | |
| Tags: |
Tilføj Tag
Ingen Tags, Vær først til at tagge denne postø!
|
MARC
| LEADER | 00000 a a2200000 04500 | ||
|---|---|---|---|
| 001 | 32154 | ||
| 003 | |||
| 040 | |||
| 020 | |a 84-8476-258-0 | ||
| 090 | |a 200700 | ||
| 110 | |a Programa de Naciones Unidas para el Desarrollo | ||
| 245 | |a Informe sobre Desarrollo Humano 2005: la Cooperación internacional ante una encrucijada ayuda al desarrollo, comercio y seguridad en un mundo desigual | ||
| 260 | |a New York: |b PNUD | ||
| 300 | |a 402 p. | ||
| 650 | |a DESARROLLO HUMANO | ||
| 650 | |a INFORMES ANUALES | ||
| 650 | |a ALIVIO DE LA POBREZA | ||
| 650 | |a ESPERANZA DE VIDA | ||
| 650 | |a COMERCIO INTERNACIONAL | ||
| 650 | |a GLOBALIZACION | ||
| 650 | |a DESARROLLO ECONOMICO | ||
| 650 | |a DESIGUALDAD ECONOMICA | ||
| 650 | |a SECTOR AGROPECUARIO | ||
| 650 | |a PAISES EN DESARROLLO | ||
| 650 | |a POBREZA | ||
| 650 | |a PAISES DESARROLLADOS | ||
| 650 | |a COMPETENCIA DESLEAL | ||
| 650 | |a DESARROLLO HUMANO | ||
| 650 | |a INDICADORES | ||
| 650 | |a POBREZA | ||
| 650 | |a INGRESOS | ||
| 650 | |a MORTALIDAD INFANTIL | ||
| 650 | |a IGUALDAD DE GENERO | ||
| 650 | |a ACTIVIDAD MILITAR | ||
| 650 | |a GASTOS | ||
| 650 | |a CAFE | ||
| 650 | |a PRECIOS | ||
| 650 | |a CONFLICTOS SOCIALES | ||
| 650 | |a MORTALIDAD | ||
| 999 | |c 4234 |d 4234 | ||



